000 00575nam a2200265Ia 4500
005 20260306163749.0
008 008 260114s9999 xx 000 0 eng d
020 _a9780814738979
037 _aEBOOK
040 _aCRL
040 _beng
040 _cCRL
041 _2eng
041 _aeng
084 _qCRL
100 _aSender
_9934704
245 4 _aThe Makeover
260 _bNYU Press
260 _c2016
650 _aSocial Work
856 _uhttps://academic.oup.com/book/23523
942 _cEBOOK
999 _c1711401
_d1711401